[Event "POR-ch Seniors 65"]
[Site "Peniche"]
[Date "2023.06.07"]
[Round "2"]
[White "Lopes, Jose Espirito Santo"]
[Black "Morais, Vitor Mestre"]
[Result "0-1"]
[WhiteElo "1128"]
[BlackElo "1748"]
[PlyCount "58"]
[EventDate "2023.06.06"]
[EventType "swiss"]
[EventRounds "5"]
[EventCountry "POR"]
[SourceTitle "CBM 214 Extra"]
[Source "ChessBase"]
[SourceDate "2023.07.31"]
[SourceVersion "1"]
[SourceVersionDate "2023.07.31"]
[SourceQuality "1"]

1. e4 c5 2. c4 Nc6 3. Nf3 g6 4. Nc3 Bg7 5. a3 d6 6. Be2 e6 7. 0-0 Nge7 8. d3 0-0 9. Rb1 f5 10. exf5 Nxf5 11. Bg5 Qd7 12. Re1 b6 13. Qc1 Bb7 14. Nd2 Ncd4 15. Bf3 Nxf3+ 16. Nxf3 Bxf3 17. gxf3 Nd4 18. Re3 Nxf3+ 19. Rxf3 Rxf3 20. Qf1 Raf8 21. Bh4 Bd4 22. Nd1 d5 23. Qe2 Qf7 24. Ne3 dxc4 25. dxc4 Bxe3 26. fxe3 Qf5 27. Rd1 Qg4+ 28. Qg2 Qxh4 29. Rd8 Qe1+ 0-1

[Event "Pombal op 13th"]
[Site "Pombal"]
[Date "2022.10.06"]
[Round "4"]
[White "Morais, Vitor Mestre"]
[Black "Paiva, Manuel Maria Fonse"]
[Result "1/2-1/2"]
[WhiteElo "1802"]
[BlackElo "1451"]
[PlyCount "59"]
[EventDate "2022.09.28"]
[EventType "swiss"]
[EventRounds "9"]
[EventCountry "POR"]
[SourceTitle "EXT 2024"]
[Source "ChessBase"]
[SourceDate "2023.10.10"]
[SourceVersion "1"]
[SourceVersionDate "2023.10.10"]
[SourceQuality "1"]

1. e4 c5 2. Nf3 d6 3. d4 cxd4 4. Nxd4 Nf6 5. Bd3 e5 6. Nf3 Be7 7. 0-0 h6 8. c4 0-0 9. Nc3 Nbd7 10. h3 Nc5 11. Bc2 a5 12. b3 Bd7 13. Be3 Qc7 14. a4 Rfe8 15. Qd2 Bf8 16. Rfd1 Qc6 17. Bxc5 Qxc5 18. Nd5 Nxd5 19. exd5 g6 20. Qe3 Qxe3 21. fxe3 Bg7 22. Rab1 Rec8 23. Kf2 b5 24. axb5 Bxb5 25. Bxg6 fxg6 26. cxb5 Rcb8 27. e4 Rxb5 28. Ke3 Rab8 29. Nd2 h5 30. Kd3 1/2-1/2

[Event "Lisbon Portugal rapid op"]
[Site "Lisbon"]
[Date "2022.09.04"]
[Round "10"]
[White "Leao, Tiago Miguel da S"]
[Black "Morais, Vitor Mestre"]
[Result "1/2-1/2"]
[WhiteElo "2155"]
[BlackElo "1864"]
[PlyCount "218"]
[EventDate "2022.09.03"]
[EventType "swiss (rapid)"]
[EventRounds "11"]
[EventCountry "POR"]
[SourceTitle "CBM 210 Extra"]
[Source "ChessBase"]
[SourceDate "2022.11.30"]
[SourceVersion "1"]
[SourceVersionDate "2022.11.30"]
[SourceQuality "1"]

1. d4 d5 2. Bf4 c6 3. c3 e6 4. e3 Bd6 5. Bg3 Ne7 6. Bd3 b6 7. Qe2 Bxg3 8. hxg3 h6 9. Nd2 c5 10. Ngf3 c4 11. Bc2 Nd7 12. e4 0-0 13. g4 Ng6 14. g3 b5 15. e5 Nb6 16. Kf1 Bd7 17. Kg2 a5 18. Rh5 Be8 19. Rah1 f6 20. Qe3 Ra7 21. R5h2 Nd7 22. Rxh6 gxh6 23. Qxh6 Ndxe5 24. dxe5 Rg7 25. Nd4 Qe7 26. exf6 Rxf6 27. Kg1 b4 28. N2f3 Rh7 29. Qg5 Rxh1+ 30. Kxh1 Kg7 31. Nh4 Rxf2 32. Qe3 Nxh4 33. Qxf2 Ng6 34. Qe3 Bf7 35. Bf5 e5 36. Bxg6 Bxg6 37. Nc6 Qf6 38. Qxe5 Qxe5 39. Nxe5 Be4+ 40. Kg1 bxc3 41. bxc3 Kf6 42. Nc6 a4 43. Kf2 a3 44. Nb4 Kg5 45. Nc6 Kxg4 46. Nb4 Kf5 47. Ke3 Kg4 48. Kd4 Kxg3 49. Nxd5 Bd3 50. Ne3 Bb1 51. Nxc4 Bxa2 52. Nxa3 Kf4 53. Nc4 Kf5 54. Nd6+ Ke6 55. Kc5 Kd7 56. Ne4 Kc7 57. Kb4 Bd5 58. Nc5 Ba2 59. Nb3 Kb6 60. Nd2 Kc6 61. Ne4 Kb6 62. Nd6 Kc6 63. Nc4 Kd5 64. Na5 Kd6 65. Nb7+ Kc7 66. Nc5 Kc6 67. Na4 Kc7 68. Nc5 Kc6 69. Nd3 Kb6 70. Nc1 Bf7 71. Ne2 Bg8 72. Ng3 Kc6 73. Nf5 Kb6 74. Ne7 Ba2 75. Nc8+ Kc7 76. Na7 Kb6 77. Nb5 Kc6 78. Na3 Kb6 79. Ka4 Bg8 80. Nb5 Bc4 81. Nd6 Ba2 82. Ka3 Be6 83. Ne4 Bg8 84. Kb4 Ba2 85. Ka3 Bg8 86. Nf6 Be6 87. Kb4 Kc6 88. Nh5 Ba2 89. Nf4 Kb6 90. Nd3 Kc6 91. Ka3 Bg8 92. Ka4 Kb6 93. Kb4 Kc6 94. Ka5 Be6 95. Ka4 Kb6 96. Kb4 Kc6 97. Nb2 Bg8 98. Na4 Bf7 99. Nb2 Bg8 100. Ka5 Kc5 101. Ka6 Bb3 102. Ka5 Bg8 103. Ka4 Bf7 104. Ka3 Be6 105. Na4+ Kc4 106. Kb2 Kb5 107. Ka3 Kc4 108. Kb2 Kb5 109. Ka3 Kc4 1/2-1/2

[Event "Pombal op 11th"]
[Site "Pombal"]
[Date "2020.10.03"]
[Round "1"]
[White "Morais, Vitor Mestre"]
[Black "Cruz, Joao De Sousa Da"]
[Result "1-0"]
[WhiteElo "1949"]
[BlackElo "1331"]
[PlyCount "103"]
[EventDate "2020.10.02"]
[EventType "swiss"]
[EventRounds "7"]
[EventCountry "POR"]
[SourceTitle "CBM 198 Extra"]
[Source "ChessBase"]
[SourceDate "2020.11.30"]
[SourceVersion "1"]
[SourceVersionDate "2020.11.30"]
[SourceQuality "1"]

1. Nf3 d5 2. c4 c6 3. b3 Nf6 4. Bb2 Nbd7 5. g3 e6 6. Bg2 Bd6 7. 0-0 0-0 8. d3 b6 9. Nbd2 Bb7 10. Rc1 Rb8 11. Qc2 Qe7 12. Nd4 Ba3 13. cxd5 cxd5 14. Qb1 Bxb2 15. Qxb2 a6 16. Nc6 Bxc6 17. Rxc6 Rfc8 18. Rfc1 Qe8 19. R6c2 b5 20. Nf3 Nb6 21. h3 Rxc2 22. Rxc2 Rc8 23. Nd4 Rxc2 24. Qxc2 Qc8 25. Qc6 Qxc6 26. Nxc6 Nfd7 27. Kf1 Kf8 28. Ke1 g6 29. Kd2 f6 30. Kc3 Na8 31. Kb4 Nc7 32. e4 Ne5 33. Nxe5 fxe5 34. exd5 exd5 35. Kc5 Ke7 36. Bxd5 Nxd5 37. Kxd5 Kf6 38. d4 exd4 39. Kxd4 Kf5 40. b4 h5 41. f3 g5 42. Ke3 Ke5 43. g4 hxg4 44. hxg4 Kd5 45. f4 Kc4 46. fxg5 Kxb4 47. g6 Ka3 48. g7 Kxa2 49. g8Q+ Ka3 50. Qa8 b4 51. Qxa6+ Kb3 52. Qa1 1-0

[Event "Lisbon Portugal rapid 2op"]
[Site "Lisbon"]
[Date "2020.02.02"]
[Round "7"]
[White "Morais, Vitor Mestre"]
[Black "Bashirli, Nail Qoshqar"]
[Result "0-1"]
[WhiteElo "1917"]
[BlackElo "2379"]
[PlyCount "66"]
[EventDate "2020.01.02"]
[EventType "swiss (rapid)"]
[EventRounds "8"]
[EventCountry "POR"]
[SourceTitle "CBM 194 Extra"]
[Source "ChessBase"]
[SourceDate "2020.03.31"]
[SourceVersion "1"]
[SourceVersionDate "2020.03.31"]
[SourceQuality "1"]

1. b3 Nf6 2. Bb2 g6 3. Bxf6 exf6 4. c4 Bg7 5. Nc3 0-0 6. g3 d6 7. Bg2 Nc6 8. e3 h5 9. h4 Bg4 10. Nge2 Ne5 11. 0-0 Nf3+ 12. Kh1 g5 13. hxg5 fxg5 14. Qc2 Qf6 15. d4 h4 16. Qe4 Bh5 17. g4 Nd2 18. Nd5 Nxe4 19. Nxf6+ Nxf6 20. gxh5 c6 21. f4 g4 22. f5 h3 23. Bxh3 gxh3 24. Rg1 Kh7 25. Nf4 Bh6 26. Raf1 Rae8 27. Rf3 Bxf4 28. exf4 Re2 29. Rxh3 Rg8 30. Rg5 Ne4 31. Rxg8 Nf2+ 32. Kh2 Nxh3+ 33. Kxh3 Kxg8 0-1

[Event "Figueira da Foz op 12th"]
[Site "Figueira da Foz"]
[Date "2018.11.03"]
[Round "8"]
[White "Morais, Vitor Mestre"]
[Black "Garcia Dorado, Alberto"]
[Result "0-1"]
[WhiteElo "1918"]
[BlackElo "2206"]
[PlyCount "64"]
[EventDate "2018.10.28"]
[EventType "swiss"]
[EventRounds "9"]
[EventCountry "POR"]
[SourceTitle "CBM 187 Extra"]
[Source "ChessBase"]
[SourceDate "2018.11.04"]
[SourceVersion "1"]
[SourceVersionDate "2018.11.04"]
[SourceQuality "1"]

1. e4 e6 2. d4 d5 3. Nd2 dxe4 4. Nxe4 Nd7 5. Bd3 Ngf6 6. Ng5 h6 7. N5f3 c5 8. c3 cxd4 9. cxd4 Bb4+ 10. Kf1 Bd6 11. Ne2 b6 12. Bf4 Bxf4 13. Nxf4 Bb7 14. Rc1 0-0 15. Bb1 Rc8 16. Rxc8 Qxc8 17. h3 Qc7 18. Ne2 Rd8 19. Qb3 Bd5 20. Qe3 Qb7 21. Nf4 Bxa2 22. Bd3 Nd5 23. Nxd5 Bxd5 24. Ne1 Rc8 25. f3 Bc4 26. Kf2 Bxd3 27. Qxd3 Qd5 28. Rf1 Rc4 29. Ke3 Rb4 30. Qd2 Rb3+ 31. Nd3 e5 32. dxe5 Nxe5 0-1

[Event "Figueira da Foz op 12th"]
[Site "Figueira da Foz"]
[Date "2018.10.31"]
[Round "4"]
[White "Morais, Vitor Mestre"]
[Black "Asvestopoulou, Evdokia"]
[Result "1-0"]
[WhiteElo "1918"]
[BlackElo "1720"]
[PlyCount "99"]
[EventDate "2018.10.28"]
[EventType "swiss"]
[EventRounds "9"]
[EventCountry "POR"]
[SourceTitle "CBM 187 Extra"]
[Source "ChessBase"]
[SourceDate "2018.11.04"]
[SourceVersion "1"]
[SourceVersionDate "2018.11.04"]
[SourceQuality "1"]

1. b3 e5 2. Bb2 Nc6 3. e3 d6 4. c4 g6 5. Nf3 Bg7 6. Be2 f5 7. d3 Nf6 8. Nbd2 0-0 9. 0-0 h6 10. Rb1 Ne7 11. b4 g5 12. a4 Ng6 13. Ne1 Be6 14. f3 Qe7 15. Nc2 f4 16. Ne4 Nxe4 17. dxe4 Bd7 18. b5 Kh7 19. Rf2 Be6 20. Bc1 Qf7 21. Qd3 a5 22. Bd2 b6 23. Kh1 Bf6 24. g3 Bg7 25. Rg1 Rg8 26. Bc3 Raf8 27. Be1 Kh8 28. Bd2 Qe7 29. Na3 Rf7 30. Nb1 fxe3 31. Bxe3 Nf8 32. Nc3 Nd7 33. Nd5 Bxd5 34. cxd5 Nc5 35. Qc2 Rgf8 36. Rgf1 Kg8 37. Bd1 Kh8 38. Qc4 Kh7 39. Bc2 Kh8 40. Kg2 Re8 41. Qe2 Qf6 42. Rh1 Bf8 43. h4 Rh7 44. hxg5 hxg5 45. Rxh7+ Kxh7 46. f4 Qg6 47. f5 Qh6 48. Qg4 Be7 49. Rf1 Kg8 50. Rh1 1-0

[Event "Ferreira do Alentejo op 1st"]
[Site "Ferreira do Alentejo"]
[Date "2018.09.30"]
[Round "8"]
[White "Morais, Vitor Mestre"]
[Black "Palma, Fernando Miguel J"]
[Result "1-0"]
[WhiteElo "1893"]
[BlackElo "1520"]
[PlyCount "53"]
[EventDate "2018.09.26"]
[EventType "swiss"]
[EventRounds "9"]
[EventCountry "POR"]
[SourceTitle "CBM 186 Extra"]
[Source "ChessBase"]
[SourceDate "2018.08.24"]
[SourceVersion "1"]
[SourceVersionDate "2018.08.24"]
[SourceQuality "1"]

1. Nf3 Nf6 2. g3 d5 3. Bg2 g6 4. c4 Bg7 5. 0-0 0-0 6. cxd5 Nxd5 7. Nc3 Nxc3 8. bxc3 c6 9. Qb3 Nd7 10. d4 Nf6 11. Ba3 Re8 12. Ne5 Rf8 13. Rfd1 Rb8 14. Nxc6 bxc6 15. Qxb8 Qa5 16. Qb2 Qc7 17. Rac1 Bf5 18. c4 Rb8 19. Qd2 Rd8 20. Bc5 Be4 21. f3 Bf5 22. e4 Be6 23. Qb4 Rb8 24. Qa3 Bf8 25. d5 cxd5 26. cxd5 Bc8 27. Bxa7 1-0

[Event "Sao Martinho do Porto op 1st"]
[Site "Sao Martinho do Porto"]
[Date "2018.09.20"]
[Round "8"]
[White "Morais, Vitor Mestre"]
[Black "Sismeiro, Miguel"]
[Result "1/2-1/2"]
[WhiteElo "1893"]
[BlackElo "2014"]
[PlyCount "108"]
[EventDate "2018.09.15"]
[EventType "swiss"]
[EventRounds "9"]
[EventCountry "POR"]
[SourceTitle "CBM 186 Extra"]
[Source "ChessBase"]
[SourceDate "2018.08.24"]
[SourceVersion "1"]
[SourceVersionDate "2018.08.24"]
[SourceQuality "1"]

1. Nf3 d5 2. c4 e6 3. g3 Nf6 4. Bg2 Be7 5. 0-0 0-0 6. b3 d4 7. Bb2 c5 8. d3 Nc6 9. Nbd2 e5 10. Ne1 Bf5 11. Nc2 h6 12. a3 a5 13. Rb1 Re8 14. Ne4 Bd6 15. Nxf6+ Qxf6 16. e4 Be6 17. Bc1 g5 18. Bd2 Qg6 19. Qe2 Kh8 20. Rfe1 b6 21. Bf3 Ne7 22. Bh5 Qg7 23. Bg4 Qg6 24. Bf3 Ng8 25. Bg2 Qf6 26. Rf1 Qg7 27. Kh1 f6 28. f4 Ra7 29. f5 Bf7 30. Bf3 Ne7 31. Rf2 Kh7 32. h4 Rh8 33. hxg5 hxg5 34. Rh2+ Kg8 35. Rxh8+ Qxh8+ 36. Kg2 Kf8 37. Rh1 Qg7 38. Bh5 Ng8 39. Bg4 Be8 40. a4 Bf7 41. Qf3 Rd7 42. Ne1 Be8 43. Qe2 Ke7 44. Nf3 Kd8 45. Nh2 Nh6 46. Bf3 Qg8 47. Ng4 Nxg4 48. Bxg4 Rh7 49. Qe1 Qh8 50. Rxh7 Qxh7 51. Qh1 Qxh1+ 52. Kxh1 Ke7 53. Kh2 Kf8 54. Kh3 Kg7 1/2-1/2

[Event "Sao Martinho do Porto op 1st"]
[Site "Sao Martinho do Porto"]
[Date "2018.09.16"]
[Round "4"]
[White "Morais, Vitor Mestre"]
[Black "February, Jesse Nikki"]
[Result "1-0"]
[WhiteElo "1893"]
[BlackElo "1933"]
[PlyCount "95"]
[EventDate "2018.09.15"]
[EventType "swiss"]
[EventRounds "9"]
[EventCountry "POR"]
[SourceTitle "CBM 186 Extra"]
[Source "ChessBase"]
[SourceDate "2018.08.24"]
[SourceVersion "1"]
[SourceVersionDate "2018.08.24"]
[SourceQuality "1"]

1. b3 e5 2. Bb2 Nc6 3. e3 Nf6 4. Bb5 Bd6 5. Na3 a6 6. Be2 b5 7. c4 b4 8. Nc2 0-0 9. d3 Re8 10. Nf3 Bf8 11. 0-0 d5 12. Nd2 Bb7 13. Rc1 Qd7 14. Re1 Rad8 15. Bf1 Qf5 16. cxd5 Na7 17. e4 Qg6 18. Nc4 Nd7 19. Re3 c6 20. Rg3 Qf6 21. Na5 Ba8 22. dxc6 Nxc6 23. Nxc6 Bxc6 24. Ne3 g6 25. Qf3 Qe6 26. h4 Bg7 27. h5 Nf6 28. hxg6 hxg6 29. Rh3 Bb5 30. Nc4 Nh5 31. g3 Re7 32. Kg2 Bc6 33. Ne3 Bb5 34. Nd5 Red7 35. Be2 Nf6 36. Nc7 Qd6 37. Nxb5 axb5 38. Qe3 Ra8 39. Rc2 Rc7 40. Rd2 Rca7 41. d4 exd4 42. Bxd4 Rxa2 43. Rxa2 Rxa2 44. e5 Nd5 45. exd6 Nxe3+ 46. Bxe3 Rxe2 47. d7 Bf6 48. Bd4 1-0

[Event "Sao Martinho do Porto op 1st"]
[Site "Sao Martinho do Porto"]
[Date "2018.09.16"]
[Round "3"]
[White "Schleime, Franz Josef"]
[Black "Morais, Vitor Mestre"]
[Result "0-1"]
[WhiteElo "1696"]
[BlackElo "1893"]
[PlyCount "96"]
[EventDate "2018.09.15"]
[EventType "swiss"]
[EventRounds "9"]
[EventCountry "POR"]
[SourceTitle "CBM 186 Extra"]
[Source "ChessBase"]
[SourceDate "2018.08.24"]
[SourceVersion "1"]
[SourceVersionDate "2018.08.24"]
[SourceQuality "1"]

1. d4 d5 2. Nf3 Nc6 3. e3 Bg4 4. c4 e6 5. Qb3 Bxf3 6. gxf3 Bb4+ 7. Nc3 Nge7 8. Bd2 dxc4 9. Bxc4 a6 10. a3 Bd6 11. Bd3 Rb8 12. e4 Nxd4 13. Qa4+ Nec6 14. Be2 0-0 15. Be3 Nxe2 16. Kxe2 Qf6 17. h4 h6 18. Rag1 Be5 19. Qc2 Nd4+ 20. Bxd4 Bxd4 21. Rg4 Kh8 22. Qc1 c5 23. Rf4 Qe5 24. Rg1 f5 25. Kf1 b5 26. Rg6 b4 27. Ne2 Bxb2 28. Qc4 Rf6 29. Rxf6 Qxf6 30. axb4 Be5 31. Qxc5 Bxf4 32. Nxf4 fxe4 33. Qd6 Rc8 34. fxe4 e5 35. Qxf6 gxf6 36. Nd5 Kg7 37. Ke2 Rc4 38. Kd3 Rd4+ 39. Ke3 f5 40. f3 fxe4 41. fxe4 Kg6 42. Nc7 Rxb4 43. Nxa6 Rb3+ 44. Kf2 Rh3 45. Nc5 Rxh4 46. Kf3 Rh3+ 47. Ke2 Kg5 48. Ne6+ Kg4 0-1

[Event "POR CupT qf  40th"]
[Site "Portugal"]
[Date "2018.06.09"]
[Round "4.2"]
[White "Veiga, Jose Francisco RP"]
[Black "Morais, Vitor Mestre"]
[Result "1-0"]
[WhiteElo "2273"]
[BlackElo "1972"]
[PlyCount "129"]
[EventDate "2017.12.16"]
[EventType "team-k.o."]
[EventRounds "6"]
[EventCountry "POR"]
[SourceTitle "EXT 2019"]
[Source "ChessBase"]
[SourceDate "2018.10.10"]
[SourceVersion "1"]
[SourceVersionDate "2018.10.10"]
[SourceQuality "1"]
[WhiteTeam "Porto D"]
[BlackTeam "EDP Club"]
[WhiteTeamCountry "POR"]
[BlackTeamCountry "POR"]

1. e4 d5 2. exd5 Qxd5 3. Nc3 Qd6 4. d4 c6 5. Nf3 Nf6 6. g3 Bg4 7. Bg2 e6 8. 0-0 Be7 9. Bf4 Qd8 10. Re1 0-0 11. Qd2 Nbd7 12. h3 Bh5 13. g4 Bg6 14. Nh4 Nb6 15. Nxg6 hxg6 16. Qd3 Nfd5 17. Bg3 Nxc3 18. bxc3 Bh4 19. Be5 Re8 20. c4 Qd7 21. a4 Rad8 22. a5 Nc8 23. c3 Ne7 24. Rab1 g5 25. Re2 Ng6 26. Bh2 Nf4 27. Bxf4 gxf4 28. Qe4 Rc8 29. Qxf4 Bd8 30. Reb2 b6 31. axb6 axb6 32. c5 bxc5 33. dxc5 Qe7 34. Rb7 Qf6 35. Qc4 Qe5 36. Qd4 Qxd4 37. cxd4 Bf6 38. Rd7 Red8 39. Bxc6 Rxd7 40. Bxd7 Rc7 41. c6 Bxd4 42. Rb8+ Kh7 43. Kg2 Kg6 44. f4 Kf6 45. Kf3 Ke7 46. Ke4 Bc3 47. Kd3 Be1 48. Rb1 Bf2 49. Rb2 Bc5 50. Kc4 Bd6 51. f5 exf5 52. Kd5 Bg3 53. Bxf5 g6 54. Bd7 Ra7 55. Re2+ Kf6 56. Kc5 Kg5 57. Kb6 Rc7 58. Re3 Bf2 59. Kxc7 Bxe3 60. Kb7 Bf4 61. c7 Bxc7 62. Kxc7 f5 63. Kd6 Kh4 64. Bxf5 gxf5 65. gxf5 1-0

[Event "Lisbon Portugal rapid op"]
[Site "Lisbon"]
[Date "2018.02.10"]
[Round "7"]
[White "Terbe, Julianna"]
[Black "Morais, Vitor Mestre"]
[Result "0-1"]
[WhiteElo "2292"]
[BlackElo "1977"]
[PlyCount "102"]
[EventDate "2018.02.10"]
[EventType "swiss (rapid)"]
[EventRounds "8"]
[EventCountry "POR"]
[SourceTitle "CBM 182 Extra"]
[Source "ChessBase"]
[SourceDate "2018.02.23"]
[SourceVersion "1"]
[SourceVersionDate "2018.02.23"]
[SourceQuality "1"]

1. e4 c5 2. Nf3 a6 3. c4 d6 4. Nc3 Nc6 5. d4 cxd4 6. Nxd4 g6 7. Be3 Bg7 8. Be2 Nf6 9. Qd2 0-0 10. f3 Bd7 11. 0-0 Rc8 12. Rfd1 Re8 13. Rac1 Qa5 14. Bf1 Qh5 15. a3 Ne5 16. b3 h6 17. Nce2 g5 18. Ng3 Qg6 19. Ndf5 Bf8 20. c5 dxc5 21. Rxc5 Rxc5 22. Bxc5 Bc8 23. Qc3 Nc6 24. b4 e6 25. Nd6 Bxd6 26. Rxd6 h5 27. b5 axb5 28. Bxb5 h4 29. Ne2 g4 30. Bxc6 bxc6 31. Bd4 gxf3 32. Qxf3 Nxe4 33. Nf4 Qf5 34. Rxc6 e5 35. Nh5 exd4 36. Rc4 Qg5 37. Rxd4 Bg4 38. Rxe4 Bxf3 39. Rxe8+ Kh7 40. Nf6+ Qxf6 41. gxf3 Qg5+ 42. Kf2 h3 43. Re2 Qc5+ 44. Kg3 Qxa3 45. Re4 f5 46. Rh4+ Kg6 47. Rxh3 Qe3 48. Rh4 Qg1+ 49. Kh3 Kg5 50. f4+ Kg6 51. Rh8 Qg4# 0-1

[Event "Figueira da Foz op 11th"]
[Site "Figueira da Foz"]
[Date "2017.11.03"]
[Round "7"]
[White "Loo, Bernd"]
[Black "Morais, Vitor Mestre"]
[Result "0-1"]
[WhiteElo "1861"]
[BlackElo "1949"]
[PlyCount "156"]
[EventDate "2017.10.29"]
[EventType "swiss"]
[EventRounds "9"]
[EventCountry "POR"]
[SourceTitle "CBM 181 Extra"]
[Source "ChessBase"]
[SourceDate "2017.12.12"]
[SourceVersion "1"]
[SourceVersionDate "2017.12.12"]
[SourceQuality "1"]

1. e4 g6 2. Nf3 Bg7 3. d4 d6 4. c4 Nf6 5. Nc3 0-0 6. h3 c5 7. Be3 cxd4 8. Nxd4 Nc6 9. Be2 Bd7 10. 0-0 a6 11. Qd2 Re8 12. Rac1 Rc8 13. Rfd1 Qa5 14. Nb3 Qb4 15. Nd5 Qxd2 16. Nxd2 Nxd5 17. exd5 Nd4 18. Bxd4 Bxd4 19. Nf3 Bf6 20. Bd3 Rc7 21. Rc2 Rec8 22. Rdd2 a5 23. b3 a4 24. g4 h6 25. Kg2 Kf8 26. Kg3 b6 27. Ne1 axb3 28. axb3 Ra8 29. Ra2 Rca7 30. Rxa7 Rxa7 31. Nc2 Ra2 32. Re2 Rb2 33. b4 Ba4 34. b5 Rb3 35. Ne1 Bc3 36. Bc2 Rb2 37. Kf3 Bxb5 38. Bd3 Rxe2 39. Kxe2 Ba4 40. Ng2 Kg7 41. f4 Bd4 42. Nh4 Bd7 43. Kf3 Bf6 44. Ng2 e6 45. Ne3 Bd4 46. Nc2 Bc5 47. Na1 exd5 48. cxd5 Kf6 49. Nb3 g5 50. Nd2 gxf4 51. Kxf4 Ba3 52. Ne4+ Kg7 53. Ng3 Bc1+ 54. Ke4 Ba3 55. Kf4 Kf6 56. Ne4+ Ke7 57. Ng3 Bb4 58. Nf5+ Kf6 59. Be2 Ba4 60. Nd4 Bc3 61. Nf5 Be5+ 62. Ke3 h5 63. Nh4 hxg4 64. hxg4 b5 65. Nf3 b4 66. Bd3 Bc3 67. g5+ Kg7 68. Nh4 Be5 69. Nf5+ Kf8 70. Ke4 Bb3 71. Ne3 Ba2 72. Nc4 b3 73. Nd2 b2 74. Nb1 Kg7 75. Nd2 Kg6 76. Nf3 b1Q 77. Nxe5+ dxe5 78. Bxb1 Bxb1+ 0-1